Periodic Elements Named After Places - Statistics

General Stats
  • This quiz has been taken 43 times
  • The average score is 26 of 32
Answer Stats
Location Element % Correct
Europe Europium
100%
India Indium
100%
Thule (perhaps Iceland or Greenland) Thulium
100%
California, a state in the United States Californium
96%
Magnesia, a district in Greece Magnesium
96%
France Francium
93%
Germany Germanium
93%
Holmia, Latin name for Stockholm Holmium
93%
Poland Polonium
93%
Strontian, a village in Scotland Strontium
93%
Ytterby, a village in Sweden Ytterbium
93%
Americas (some sources say the United States specifically) Americium
89%
Berkeley, California, a city in the United States Berkelium
89%
Moscow, Russia Moscovium
89%
Ruthenia, Latin name for Russia Ruthenium
89%
Hafnia, Latin name for Copenhagen Hafnium
86%
Scandinavia Scandium
86%
Ytterby, a village in Sweden Yttrium
86%
Dubna, a town in Russia Dubnium
82%
Lutetia, Latin name for Paris Lutetium
82%
Tennessee, a state in the United States Tennessine
82%
Darmstadt, a city in Germany Darmstadtium
79%
Magnesia, a district in Greece Manganese
79%
Rhine, a river Rhenium
71%
Japan Nihonium
68%
Lawrence Livermore National Laboratory, in the United States Livermorium
64%
France Gallium
61%
Hesse, a state in Germany Hassium
61%
Ytterby, a village in Sweden Terbium
61%
Belur, a city in India Beryllium
57%
Ytterby, a village in Sweden Erbium
57%
Cyprus Copper
50%
No matching quizzes found
Score Distribution
Percent of People with Each Score
Percentile by Number Answered
Your Score History
You have not taken this quiz